[Event "GER-ch U10"]
[Site "Willingen"]
[Date "2021.08.23"]
[Round "1"]
[White "Lange, Friedrich"]
[Black "Nonnenmacher, Philipp"]
[Result "0-1"]
[WhiteElo "861"]
[BlackElo "1314"]
[PlyCount "70"]
[EventDate "2021.08.22"]
[EventType "swiss"]
[EventRounds "11"]
[EventCountry "GER"]
[SourceTitle "EXT 2022"]
[Source "ChessBase"]
[SourceDate "2021.10.06"]
[SourceVersion "1"]
[SourceVersionDate "2021.10.06"]
[SourceQuality "1"]

1. c4 e5 2. Nc3 Nf6 3. g3 d5 4. e3 d4 5. Nd5 Nxd5 6. cxd5 Qxd5 7. Nf3 Bg4 8. Bg2 e4 9. Qa4+ Nc6 10. Nxd4 Bd7 11. d3 Nxd4 12. Qxd4 Qxd4 13. exd4 Bb4+ 14. Bd2 Bxd2+ 15. Kxd2 exd3 16. Rae1+ Kd8 17. Bxb7 Rb8 18. Be4 Rxb2+ 19. Kxd3 Rxa2 20. f4 Re8 21. Bd5 Rxe1 22. Rxe1 Rxh2 23. Bxf7 Rh3 24. Re3 h5 25. g4 Rxe3+ 26. Kxe3 Bxg4 27. Bd5 Ke7 28. Bh1 Kd6 29. Bf3 Bxf3 30. Kxf3 a5 31. Ke3 a4 32. Kd2 h4 33. Ke3 a3 34. Ke4 a2 35. f5 a1Q 0-1